000 00340nam a2200145Ia 4500
005 20251222153628.0
008 251222s9999||||xx |||||||||||||| ||spa||
020 _a8408301066
082 _a610.9/P59
100 _aPinós Tomás
245 0 _aMédicos y Aventuras:
250 _a1ra. ed.
264 _bEditorial Planeta
942 _cLIB
999 _c32267
_d32267